| 000 | 01109cab a2200373 4500 | ||
|---|---|---|---|
| 001 | ABS58046 | ||
| 008 | 090401t1997 xxu||||| |||| 00| 0 eng d | ||
| 035 | _a(Sirsi) u82936 | ||
| 041 | _aeng | ||
| 100 | _aBirrell, George | ||
| 245 | 4 | _aThe phases in the property development process and their degrees of importance | |
| 260 | _c1997 | ||
| 350 | _a0 | ||
| 490 |
_aJournal of Property Development _v1(4) 1997, 183-192(10) |
||
| 520 | _aPresents the fourteen major activities in the property development process, assessing their relative importance. | ||
| 650 | _aCONSTRUCTION PROCESS | ||
| 650 | _aDESIGN | ||
| 650 | _aDEVELOPMENT FINANCE | ||
| 650 | _aFEASIBILITY STUDIES | ||
| 650 | _aLETTING | ||
| 650 | _aMARKET ANALYSIS | ||
| 650 | _aPLANNING APPLICATIONS | ||
| 650 | _aPROMOTION | ||
| 650 | _aPROPERTY DEVELOPMENT | ||
| 650 | _aPROPERTY SALES | ||
| 650 | _aSITE ASSEMBLY | ||
| 650 | _aSITE IDENTIFICATION | ||
| 650 | _aSITE INVESTIGATION | ||
| 650 | _aTENDERING | ||
| 690 | _aPROPERTY-PROPERTY DEVELOPMENT | ||
| 700 | _aGao, S. | ||
| 942 | _n0 | ||
| 948 | _c05/01/1998 | ||
| 999 |
_c52389 _d52389 |
||